|
|
|
|
| LEADER |
00000cam a2200000 c 4500 |
| 001 |
1631803646 |
| 003 |
DE-627 |
| 005 |
20251225203923.0 |
| 007 |
tu |
| 008 |
180110s2017 sp ||||| 00| ||spa c |
| 020 |
|
|
|a 9788491484080
|9 978-84-9148-408-0
|
| 020 |
|
|
|a 8491484086
|9 84-9148-408-6
|
| 035 |
|
|
|a (DE-627)1631803646
|
| 035 |
|
|
|a (DE-576)497008750
|
| 035 |
|
|
|a (DE-599)BSZ497008750
|
| 035 |
|
|
|a (OCoLC)1021343888
|
| 035 |
|
|
|a (ZDB-21-EIL)4223371
|
| 040 |
|
|
|a DE-627
|b ger
|c DE-627
|e rda
|
| 041 |
|
|
|a spa
|
| 044 |
|
|
|c XA-ES
|
| 050 |
|
0 |
|a K
|
| 082 |
0 |
|
|a 345
|2 14
|
| 084 |
|
|
|a 2,1
|2 ssgn
|
| 100 |
1 |
|
|a Serrano Tárraga, María Dolores
|e VerfasserIn
|0 (DE-627)124212330X
|0 (DE-576)172123305
|4 aut
|
| 109 |
|
|
|a Serrano Tárraga, María Dolores
|a Tárraga, María Dolores Serrano
|a Serrano-Tárraga, María Dolores
|a Tárraga, María Dolores Serrano-
|
| 245 |
1 |
0 |
|a Criminología
|b introducción a sus principios
|c María Dolores Serrano Tárraga
|
| 264 |
|
1 |
|a Madrid
|b Dykinson, S.L.
|c [2017]
|
| 300 |
|
|
|a 396 Seiten
|c 24 cm
|
| 336 |
|
|
|a Text
|b txt
|2 rdacontent
|
| 337 |
|
|
|a ohne Hilfsmittel zu benutzen
|b n
|2 rdamedia
|
| 338 |
|
|
|a Band
|b nc
|2 rdacarrier
|
| 583 |
1 |
|
|a Archivierung/Langzeitarchivierung gewährleistet
|f SSG
|x XA-DE-BW
|2 pdager
|5 DE-21
|
| 655 |
|
7 |
|a Lehrbuch
|0 (DE-588)4123623-3
|0 (DE-627)104270187
|0 (DE-576)209561262
|2 gnd-content
|
| 689 |
0 |
0 |
|d s
|0 (DE-588)4033197-0
|0 (DE-627)106258532
|0 (DE-576)209000562
|a Kriminologie
|2 gnd
|
| 689 |
0 |
|
|5 DE-101
|
| 689 |
1 |
0 |
|d s
|0 (DE-588)4033197-0
|0 (DE-627)106258532
|0 (DE-576)209000562
|a Kriminologie
|2 gnd
|
| 689 |
1 |
|
|5 (DE-627)
|
| 856 |
4 |
2 |
|u https://swbplus.bsz-bw.de/bsz497008750inh.htm
|m B:DE-576;DE-21
|q application/pdf
|v 20180228122308
|x Verlag
|3 Inhaltsverzeichnis
|7 1
|
| 951 |
|
|
|a BO
|
| ELC |
|
|
|b 1
|
| LOK |
|
|
|0 000 xxxxxcx a22 zn 4500
|
| LOK |
|
|
|0 001 3283088365
|
| LOK |
|
|
|0 003 DE-627
|
| LOK |
|
|
|0 004 1631803646
|
| LOK |
|
|
|0 005 20180219114731
|
| LOK |
|
|
|0 008 180110||||||||||||||||ger|||||||
|
| LOK |
|
|
|0 040
|a DE-21
|c DE-627
|d DE-21
|
| LOK |
|
|
|0 852
|a DE-21
|
| LOK |
|
|
|0 852 1
|c KB 20 A 9305
|9 00
|
| LOK |
|
|
|0 935
|a krim
|
| LOK |
|
|
|0 938
|a 1802
|f 34
|
| LOK |
|
|
|0 939
|a 10-01-18
|b l01
|
| ORI |
|
|
|a SA-MARC-krimdoka001.raw
|
| SIG |
|
|
|a UB: KB 20 A 9305
|